000 00746cab a2200229 4500
001 WB3305-39
008 090401t1997 xxu||||| |||| 00| 0 eng d
035 _a(Sirsi) u39355
041 _aeng
245 _aEstate agents
260 _c1997
350 _a0
490 _aSunday Times
_v26 January 1997, 5.1(1)
520 _aThe Institute of Trading Standards is urging prospective homebuyers to report estate agents who have misled them about a property to their local trading standards office.
650 _aESTATE AGENTS
650 _aHOMEBUYERS
650 _aPROPERTY MISDESCRIPTIONS ACT 1991
650 _aTRADING STANDARDS
690 _aMANAGEMENT-BUSINESS MANAGEMENT-PROFESSIONAL PRACTICE
942 _n0
948 _c04/03/1997
999 _c25266
_d25266